000 00729cam a2200193 a 4500
005 20140403151441.0
008 140402s1969 -usao gr|||| 00| 0 eng d
041 _aeng
044 _axxu
082 _a595.98
_bK66f
100 1 _aKlots, Alexander B.
_923295
242 1 4 _aUna guía de campo de las mariposas de Norte América, Este de las grandes planisies.
_cAlexander B. Klots
_yspa
245 1 2 _aA field guide to the butterflies of North America, East of the great plains.
_cAlexander B. Klots
260 3 _aCambridge
_bHoughton Mifflin Company Boston
_c1969
300 _a349 p.
_bil., fot.
_c20 cm
590 _a242 traducción por la agencia catalogadora
650 4 _aMariposas
_vGuía de campo
_923296
942 _cImpreso
_2z
999 _c5658
_d5658